000 00571nam a2200229Ia 4500
003 OSt
005 20221005122627.0
006 a|||||r|||| 00| 0
007 ta
008 221004b |||||||| |||| 00| 0 hin d
024 _a60004
037 _cTextual
040 _aCRL
_cCRL
_bhin
041 _2hin
_ahin
082 _aO152,3NGI, 33J6
100 _aGirija Devi
_9632301
245 0 _aKamala kusum
260 _c1956
650 _aHINDI LITERATURE
_923866
942 _hO152,3NGI, 33J6
_cTEXL
_2cc
999 _c1044869
_d1044869